BIBLIOTECA

SENCICO

La psicología social en el mundo de hoy / (Registro nro. 152)

Detalles MARC
000 -LEADER
fixed length control field 01553nam a2200277Ia 4500
003 - CONTROL NUMBER IDENTIFIER
control field PE SENCICO BE
005 - DATE AND TIME OF LATEST TRANSACTION
control field 20251020182428.0
008 - FIXED-LENGTH DATA ELEMENTS--GENERAL INFORMATION
fixed length control field 200515s9999 xx 000 0 und d
040 ## - CATALOGING SOURCE
Original cataloging agency PE SENCICO BE
Transcribing agency PE SENCICO BE
041 ## - LANGUAGE CODE
Language code of text/sound track or separate title spa
082 ## - DEWEY DECIMAL CLASSIFICATION NUMBER
Classification number 302
Item number W62
100 1# - MAIN ENTRY--PERSONAL NAME
Personal name Whittaker, James O.
9 (RLIN) 2345
Relator term autor
245 10 - TITLE STATEMENT
Title La psicología social en el mundo de hoy /
Statement of responsibility, etc. James O. Whittaker
250 ## - EDITION STATEMENT
Edition statement 1a ed.
260 ## - PUBLICATION, DISTRIBUTION, ETC.
Place of publication, distribution, etc. México, D.F. .
Name of publisher, distributor, etc. Trillas ;
Date of publication, distribution, etc. 1979
300 ## - PHYSICAL DESCRIPTION
Extent 514 p. :
Other physical details il., tbl., graf. ;
Dimensions 24 cm.
490 ## - SERIES STATEMENT
Series statement Biblioteca Técnica de Psicología
505 0# - FORMATTED CONTENTS NOTE
Formatted contents note Naturaleza de la psicología social -- La organización y la estructura de grupos -- Dinámica de grupos -- Liderazgo y poder en los grupos sociales -- Lenguaje y comunicación -- Socialización: el proceso de convertirse en ser humano -- Los factores sociales de la motivación y la emoción -- Actitudes -- Cambio de actitud -- Cultura y personalidad -- El prejuicio -- Conducta colectiva -- Relaciones intergrupo -- Psicología social de la pobreza -- Revolución, violencia y movimientos sociales.
520 3# - SUMMARY, ETC.
Summary, etc. Ofrece una gama de enfoques teóricos de la psicología social, incluyendo perspectivas provenientes de países con los mas diversos sistemas sociopolíticos, como Estados Unidos, Checoslovaquia, Nueva Zelandia, Colombia, Brasil y otros.
650 10 - SUBJECT ADDED ENTRY--TOPICAL TERM
Topical term or geographic name entry element Psicología social
9 (RLIN) 2299
650 20 - SUBJECT ADDED ENTRY--TOPICAL TERM
Topical term or geographic name entry element Dinámica de grupos
9 (RLIN) 2346
650 20 - SUBJECT ADDED ENTRY--TOPICAL TERM
Topical term or geographic name entry element Liderazgo
9 (RLIN) 931
650 20 - SUBJECT ADDED ENTRY--TOPICAL TERM
Topical term or geographic name entry element Actitud (Psicología)
9 (RLIN) 2341
650 20 - SUBJECT ADDED ENTRY--TOPICAL TERM
Topical term or geographic name entry element Conducta humana
9 (RLIN) 2300
942 ## - ADDED ENTRY ELEMENTS (KOHA)
Koha item type Libros
Source of classification or shelving scheme Dewey Decimal Classification
Existencias
Fecha de la última vez que lo usaron Número de ingreso o de inventario Pago total Signatura topográfica completa Código de barras Precio efectivo desde Tipo de documento Estado perdido Sistema de clasificación Estado dañado No es para préstamo Retirado Ubicación permanente Ubicación actual Fecha de adquisición
15/05/2020 710   302/W62 BibLima24060051 15/05/2020 Libros   Dewey Decimal Classification       Biblioteca Central Lima Biblioteca Central Lima 15/05/2020